Briefing (Record no. 118985)

MARC details
000 -LEADER
fixed length control field 00526cas a22001935a 4500
001 - CONTROL NUMBER
control field L138459
008 - FIXED-LENGTH DATA ELEMENTS--GENERAL INFORMATION
fixed length control field 070608d19982002xxkmr p 0 a0eng d
035 ## - SYSTEM CONTROL NUMBER
System control number (Sirsi) u138459
041 0# - LANGUAGE CODE
Language code of text/sound track or separate title eng
110 2# - MAIN ENTRY--CORPORATE NAME
Corporate name or jurisdiction name as entry element Architecture and Surveying Institute
9 (RLIN) 4046
245 00 - TITLE STATEMENT
Title Briefing
260 ## - PUBLICATION, DISTRIBUTION, ETC.
Place of publication, distribution, etc. Chippenham
Name of publisher, distributor, etc. ASI Services
Date of publication, distribution, etc. 1998-2002
362 0# - DATES OF PUBLICATION AND/OR SEQUENTIAL DESIGNATION
Dates of publication and/or sequential designation (27) October 2000-(42) January 2002
554 ## -
-- 12 per year
651 #4 - SUBJECT ADDED ENTRY--GEOGRAPHIC NAME
Geographic name United Kingdom
Chronological subdivision
690 ## - LOCAL SUBJECT ADDED ENTRY--TOPICAL TERM (OCLC, RLIN)
Topical term or geographic name as entry element BUILT ENVIRONMENT
785 00 - SUCCEEDING ENTRY
Title Architecture and Surveying
942 ## - ADDED ENTRY ELEMENTS (KOHA)
Suppress in OPAC 0
Holdings
Withdrawn status Lost status Source of classification or shelving scheme Damaged status Not for loan Home library Current library Shelving location Date acquired Total Checkouts Full call number Barcode Date last seen Price effective from Koha item type
    Dewey Decimal Classification     London London Basement 08/06/2007   ARCHITECTURE AND SURVEYING 138459-1001 06/08/2019 06/08/2019 Journal